| 000 | 00815nam a2200241 a 4500 | ||
|---|---|---|---|
| 001 | 000014978 | ||
| 005 | 20200929163931.0 | ||
| 008 | 100128s2007 sp f 000 0 spa d | ||
| 020 | _a9788478410798 (o. completa) | ||
| 020 | _a9788478410811 (V. II) | ||
| 020 | _a9788478410804 (V. I) | ||
| 040 |
_aDO-SdBNP _bspa _cBNPHU |
||
| 082 |
_aR 636.089 _bM294, 2007 |
||
| 245 | 0 | 0 |
_aManual Merck de veterinaria / _ceditor, Cynthia M. Kahn ; editor asociado, Scott Line ... [et al.]. |
| 250 | _a6a. ed. | ||
| 260 |
_aBarcelona, España : _bOcéano, _c2007. |
||
| 300 |
_a2v. : _bil. ; _c26 cm. |
||
| 500 | _aEdición especial 50º aniversario | ||
| 650 | 4 |
_aVeterinaria _xManuales _933906 |
|
| 700 | 1 | 2 |
_aLine, Scott, _eed. _933907 |
| 700 | 1 | 2 |
_aKahn, Cynthia M., _eed. _933908 |
| 910 | _aValidado. Control de calidad MFF | ||
| 999 |
_c14551 _d14551 |
||